| 000 | 00426nam a2200097Ia 4500 | ||
|---|---|---|---|
| 008 | 180130s9999 xx 000 0 und d | ||
| 245 |
_cKokt, Desere; Koelane, Thakane _aReflecting on information and communication technology (ICT) in marketing from a marketer's and student perspective |
||
| 260 | _c2016 | ||
| 300 | _aBook title: Information technology management--Acession number C20746; pages 132-142 | ||
| 650 | _aIT MANAGEMENT | ||
| 999 |
_c354267 _d354267 |
||